000
00289 a2200121 4500
001
66306
040
_c
Anchieta - Pituba
240
1
0
_a
2ª Avaliação de Química, 2º série
_l
por
245
1
0
_a
2ª Avaliação de Química, 2º série
362
0
_a
2018
650
4
_a
Química
942
_c
BK
999
_c
66306
_d
66306